000 01324nam a22002777a 4500
005 20090828114825.0
008 090828t xxu||||| |||| 00| 0 hin d
010 _aHIN-87896
020 _a9788170588641
_c175.00
035 _aHN-60242
037 _bDBAD / PUB
040 _adpl
_bhn
082 _a181.499
100 _aश्रीमाताजी
245 _aप्रश्न और उत्तर 1929-1931 व धम्मपद पर टीकाएं /
_cश्रीमाताजी
246 _bby Shreemataji
_aPrashna aura uttara
260 _aपुदुच्चेरी
_bश्रीअरविन्द आश्रम
_c2007
270 _aश्रीअरविन्द आश्रम विभाग
_bपुदुच्चेरी
_e605002
300 _a358पृ.
_c22सेमी (सजिल्द)
600 _aश्रीमाताजी
600 _aश्रीमाताजी
650 _aदर्शन, भारतीय
650 _aPhilosophy, Indic.
942 _2ddc
_cHN
_mश्रीमाता
_h181.499
999 _c29729
_d29729